Islands Countries Quiz (No Map Challenge) - Statistics

General Stats
  • This quiz has been taken 31 times
    16 since last reset
  • The average score is 46 of 48
Answer Stats
Continent Country % Correct
North America Antigua and Barbuda
100%
North America Bahamas
100%
North America Barbados
100%
Africa Cape Verde
100%
Africa Comoros
100%
North America Cuba
100%
Asia Cyprus
100%
North America Dominica
100%
North America Dominican Republic
100%
Oceania Fiji
100%
North America Grenada
100%
North America Haiti
100%
North America Jamaica
100%
Africa Madagascar
100%
Asia Maldives
100%
Europe Malta
100%
Africa Mauritius
100%
North America Saint Kitts and Nevis
100%
North America Saint Lucia
100%
North America Saint Vincent and the Grenadines
100%
Africa São Tomé and Príncipe
100%
Africa Seychelles
100%
Oceania Australia
92%
Asia Bahrain
92%
Asia East Timor
92%
Europe Iceland
92%
Asia Indonesia
92%
Europe Ireland
92%
Oceania Kiribati
92%
Oceania Marshall Islands
92%
Oceania Micronesia
92%
Oceania Nauru
92%
Oceania New Zealand
92%
Oceania Palau
92%
Oceania Papua New Guinea
92%
Asia Philippines
92%
Oceania Samoa
92%
Asia Singapore
92%
Asia Sri Lanka
92%
Oceania Tonga
92%
North America Trinidad and Tobago
92%
Oceania Tuvalu
92%
Europe United Kingdom
92%
Oceania Vanuatu
92%
Asia Brunei
83%
Asia Japan
83%
Oceania Solomon Islands
83%
Asia Taiwan
83%
No matching quizzes found
Score Distribution
Percent of People with Each Score
Percentile by Number Answered
Your Score History
You have not taken this quiz since the last reset